[Event "Berlin Spring op-A"]
[Site "Berlin"]
[Date "2014.05.03"]
[Round "5"]
[White "Lercel, Michal"]
[Black "Schatz, Walter"]
[Result "1/2-1/2"]
[WhiteElo "2169"]
[BlackElo "2308"]
[PlyCount "146"]
[EventDate "2014.05.01"]
[EventType "swiss"]
[EventRounds "7"]
[EventCountry "GER"]
[SourceTitle "CBM 160 Extra"]
[Source "ChessBase"]
[SourceDate "2014.07.01"]
[SourceVersion "1"]
[SourceVersionDate "2014.07.01"]
[SourceQuality "1"]

1. d4 Nf6 2. c4 g6 3. Nc3 Bg7 4. Nf3 0-0 5. g3 d6 6. Bg2 Nbd7 7. 0-0 e5 8. e4 c6 9. h3 exd4 10. Nxd4 Re8 11. Be3 Nc5 12. Qc2 Qe7 13. Rae1 Bd7 14. b4 Ncxe4 15. Bd2 d5 16. f3 Qe5 17. Nb3 dxc4 18. fxe4 cxb3 19. Qxb3 Be6 20. Qc2 Qxg3 21. Bf4 Qh4 22. e5 Nh5 23. Bh2 Qxb4 24. Ne4 Bf5 25. Qf2 Qb6 26. Nd6 Qxf2+ 27. Rxf2 Be6 28. Nxe8 Rxe8 29. Rb2 Re7 30. Rd1 Bh6 31. Rd8+ Kg7 32. Rb8 Be3+ 33. Kh1 b6 34. Re2 Bf4 35. Bxc6 Rc7 36. Bf3 Ng3+ 37. Bxg3 Bxg3 38. Kg2 Bf4 39. Rb7 Rc5 40. Rxa7 Bxe5 41. a4 h5 42. h4 Kf6 43. Be4 Rc4 44. Rf2+ Kg7 45. Re2 Bd6 46. Bf3 Kf6 47. Re4 Rc3 48. a5 bxa5 49. Rxa5 Bc7 50. Ra6 Kf5 51. Re2 Bd8 52. Ra4 Bc4 53. Be4+ Kf6 54. Rc2 Rxc2+ 55. Bxc2 Be6 56. Bd1 Ke5 57. Bf3 Kf5 58. Be4+ Ke5 59. Bf3 Be7 60. Kg3 Bd6 61. Kg2 Bc7 62. Ra7 Bd8 63. Kg3 Bb6 64. Ra6 Bc5 65. Ra5 Kd4 66. Ra4+ Kc3 67. Re4 Kd3 68. Kf4 Bd6+ 69. Kg5 Be7+ 70. Kh6 Bf8+ 71. Kg5 Be7+ 72. Kf4 Bf8 73. Kg3 Be7 1/2-1/2

[Event "Berlin Spring op-A"]
[Site "Berlin"]
[Date "2014.05.02"]
[Round "4"]
[White "Schatz, Walter"]
[Black "Baldauf, Marco"]
[Result "1/2-1/2"]
[WhiteElo "2308"]
[BlackElo "2407"]
[PlyCount "73"]
[EventDate "2014.05.01"]
[EventType "swiss"]
[EventRounds "7"]
[EventCountry "GER"]
[SourceTitle "CBM 160 Extra"]
[Source "ChessBase"]
[SourceDate "2014.07.01"]
[SourceVersion "1"]
[SourceVersionDate "2014.07.01"]
[SourceQuality "1"]

1. Nf3 Nf6 2. c4 c5 3. d4 cxd4 4. Nxd4 b6 5. Nc3 Bb7 6. f3 e6 7. e4 Nc6 8. Be3 Bc5 9. Nxc6 Bxc6 10. Bxc5 bxc5 11. Qd2 0-0 12. e5 Ne8 13. 0-0-0 f6 14. Qe3 fxe5 15. Qxe5 Rf5 16. Qe3 Qg5 17. Qxg5 Rxg5 18. h4 Rf5 19. Bd3 Rf7 20. Be4 Rc8 21. Rd2 Bxe4 22. Nxe4 Rc7 23. Rhd1 h6 24. Rd3 Kf8 25. Rb3 Ke7 26. Rb8 Rf4 27. h5 Nf6 28. Nd6 Nxh5 29. Re8+ Kf6 30. Rf8+ Ke7 31. Re8+ Kf6 32. Rf8+ Kg6 33. Rd8 Nf6 34. b3 a6 35. Ra8 Rc6 36. Ne8 Nxe8 37. Rxe8 1/2-1/2

[Event "Oberliga Nord O 1213"]
[Site "Germany"]
[Date "2012.12.09"]
[Round "4.5"]
[White "Niehaus, Frank"]
[Black "Schatz, Walter"]
[Result "1-0"]
[WhiteElo "2215"]
[BlackElo "2316"]
[PlyCount "72"]
[EventDate "2012.10.17"]
[EventType "team-tourn"]
[EventRounds "9"]
[EventCountry "GER"]
[SourceTitle "EXT 2015"]
[Source "ChessBase"]
[SourceDate "2014.11.20"]
[SourceVersion "1"]
[SourceVersionDate "2014.11.20"]
[SourceQuality "1"]
[WhiteTeam "Koenig Tegel"]
[BlackTeam "Neuruppin"]
[WhiteTeamCountry "GER"]
[BlackTeamCountry "GER"]

1. e4 g6 2. d4 Bg7 3. Nc3 d6 4. Be3 a6 5. Qd2 b5 6. 0-0-0 Bb7 7. f3 Nd7 8. h4 h6 9. Nh3 Rc8 10. h5 g5 11. f4 gxf4 12. Nxf4 Ngf6 13. Bd3 b4 14. Ncd5 e6 15. Nxf6+ Nxf6 16. d5 e5 17. Nh3 Ng4 18. Bg1 c5 19. Qe2 Qd7 20. Rf1 0-0 21. Rf5 Nf6 22. g4 c4 23. Bxc4 a5 24. Bb5 Qc7 25. Rh2 a4 26. g5 hxg5 27. h6 b3 28. axb3 Bxh6 29. Nxg5 axb3 30. c3 Qa5 31. Bd3 Rxc3+ 32. bxc3 Qxc3+ 33. Kd1 Ra8 34. Bb1 Ra1 35. Qb2 Qd3+ 36. Kc1 Qf1+ 1-0

[Event "Berlin op 07"]
[Site "Berlin"]
[Date "2009.07.19"]
[Round "2"]
[White "Schmidt, Juergen"]
[Black "Schatz, Walter"]
[Result "1-0"]
[WhiteElo "2035"]
[BlackElo "2219"]
[PlyCount "53"]
[EventDate "2009.07.18"]
[EventType "swiss"]
[EventRounds "9"]
[EventCountry "GER"]
[SourceTitle "CBM 131 Extra"]
[Source "ChessBase"]
[SourceDate "2009.09.03"]
[SourceVersion "2"]
[SourceVersionDate "2009.09.16"]
[SourceQuality "1"]

1. e4 g6 2. d4 Bg7 3. Nf3 d6 4. Bc4 Nf6 5. Nc3 0-0 6. Bb3 Bg4 7. h3 Bxf3 8. Qxf3 Nc6 9. Be3 e5 10. dxe5 dxe5 11. Bc5 Re8 12. Rd1 Nd4 13. Qe3 Nd7 14. Ba3 c5 15. 0-0 b5 16. Nxb5 Nxb5 17. Bxf7+ Kxf7 18. Qb3+ Re6 19. Qxb5 Ke8 20. Bxc5 Qc7 21. Rd5 Qc6 22. Qc4 Bf8 23. b4 Nxc5 24. bxc5 Rc8 25. Rfd1 Be7 26. Qb3 Bxc5 27. Rxc5 1-0

[Event "Berlin Lichtenberger op 6th"]
[Site "Berlin"]
[Date "2007.??.??"]
[Round "?"]
[White "Hielscher, Wulf"]
[Black "Schatz, Walter"]
[Result "1/2-1/2"]
[WhiteElo "2089"]
[BlackElo "2228"]
[PlyCount "92"]
[EventDate "2007.08.18"]
[EventType "swiss"]
[EventRounds "9"]
[EventCountry "GER"]
[SourceTitle "CBM 120 Extra"]
[Source "ChessBase"]
[SourceDate "2007.11.01"]
[SourceVersion "1"]
[SourceVersionDate "2007.11.01"]
[SourceQuality "1"]

1. e4 g6 2. d4 Bg7 3. Nf3 d6 4. c3 Nf6 5. Nbd2 0-0 6. Bd3 c5 7. 0-0 Qc7 8. d5 e6 9. dxe6 Bxe6 10. Re1 Nc6 11. c4 h6 12. a3 a6 13. Nf1 Rab8 14. h3 b5 15. Qc2 Nd7 16. Rb1 Nde5 17. Nxe5 dxe5 18. b3 Nd4 19. Qc3 f5 20. Ne3 Qf7 21. f3 fxe4 22. Bxe4 bxc4 23. Nxc4 Nxb3 24. Rxb3 Bxc4 25. Rxb8 Rxb8 26. Be3 Rb3 27. Qa5 Bf8 28. a4 Bd3 29. Bxc5 Bxe4 30. fxe4 Rb2 31. Rf1 Rb5 32. Qd8 Rxc5 33. Rxf7 Kxf7 34. Qd2 a5 35. h4 h5 36. g4 hxg4 37. Qd7+ Be7 38. Qxg4 Rc1+ 39. Kg2 Rc2+ 40. Kf1 Rc1+ 41. Ke2 Rc2+ 42. Kd1 Rc4 43. h5 gxh5 44. Qxh5+ Ke6 45. Qg6+ Kd7 46. Qa6 Rd4+ 1/2-1/2

[Event "Berlin Lichtenberger op 6th"]
[Site "Berlin"]
[Date "2007.??.??"]
[Round "?"]
[White "Kalinitschew, Sergey"]
[Black "Schatz, Walter"]
[Result "1-0"]
[WhiteElo "2476"]
[BlackElo "2228"]
[PlyCount "118"]
[EventDate "2007.08.18"]
[EventType "swiss"]
[EventRounds "9"]
[EventCountry "GER"]
[SourceTitle "CBM 120 Extra"]
[Source "ChessBase"]
[SourceDate "2007.11.01"]
[SourceVersion "1"]
[SourceVersionDate "2007.11.01"]
[SourceQuality "1"]

1. d4 Nf6 2. Nf3 g6 3. c4 Bg7 4. g3 0-0 5. Bg2 d6 6. 0-0 Nbd7 7. Nc3 e5 8. e4 c6 9. h3 Qb6 10. Re1 exd4 11. Nxd4 Re8 12. Nb3 Ne5 13. Be3 c5 14. Bf1 Be6 15. Nd2 a6 16. Rb1 Qa5 17. a3 Nc6 18. Nd5 Bxd5 19. cxd5 Ne5 20. b4 cxb4 21. axb4 Qd8 22. f4 Ned7 23. Bf2 Rc8 24. Rc1 Rxc1 25. Qxc1 Qb8 26. Qb1 Rc8 27. Nc4 Ne8 28. Kg2 Qc7 29. b5 f6 30. h4 Nc5 31. Kg1 Ra8 32. b6 Qc8 33. Rc1 Bf8 34. Na5 Qd7 35. Rxc5 dxc5 36. e5 fxe5 37. fxe5 Bg7 38. Qe4 Qe7 39. Nc4 Nf6 40. Qf3 Nd7 41. e6 Ne5 42. Qe4 Nxc4 43. Qxc4 Rc8 44. Bh3 Be5 45. Be3 Kg7 46. Kg2 h6 47. Qe4 Bd6 48. Bd2 Rf8 49. Qe3 g5 50. Bc3+ Kg8 51. Bg4 Qh7 52. e7 Qxe7 53. Be6+ Rf7 54. Qe4 Kf8 55. Qg6 g4 56. Qxh6+ Ke8 57. Qg6 Kf8 58. h5 c4 59. h6 Bc5 1-0

[Event "Berlin Lichtenberger op 6th"]
[Site "Berlin"]
[Date "2007.??.??"]
[Round "?"]
[White "Kunz, Andre"]
[Black "Schatz, Walter"]
[Result "0-1"]
[WhiteElo "1904"]
[BlackElo "2228"]
[PlyCount "74"]
[EventDate "2007.08.18"]
[EventType "swiss"]
[EventRounds "9"]
[EventCountry "GER"]
[SourceTitle "CBM 120 Extra"]
[Source "ChessBase"]
[SourceDate "2007.11.01"]
[SourceVersion "1"]
[SourceVersionDate "2007.11.01"]
[SourceQuality "1"]

1. e4 c5 2. Nf3 g6 3. d4 Bg7 4. Nc3 cxd4 5. Nxd4 Nc6 6. Be3 Nf6 7. Bc4 0-0 8. Bb3 a5 9. 0-0 d6 10. f3 Bd7 11. a4 Nxd4 12. Bxd4 Bc6 13. Be3 Nd7 14. Qd2 Nc5 15. Bd5 Qb6 16. Ne2 Qa6 17. Bxc6 bxc6 18. Bxc5 dxc5 19. c3 Rfd8 20. Qc2 c4 21. Rfd1 Qb6+ 22. Kf1 Bh6 23. Rab1 Qe3 24. Nd4 Rd6 25. Ne2 Rd3 26. Nc1 Rxd1+ 27. Qxd1 Qb6 28. Qd4 Qc7 29. Ne2 Rd8 30. Qxc4 Qxh2 31. Qc5 Rd3 32. Qg1 Qd6 33. Qf2 Be3 34. Qg3 e5 35. Qe1 Rd2 36. b3 Qd3 37. c4 Rxe2 0-1

[Event "Berlin op 09"]
[Site "Berlin"]
[Date "2006.10.05"]
[Round "6"]
[White "Schatz, Walter"]
[Black "Just, Detlef"]
[Result "1-0"]
[WhiteElo "2125"]
[BlackElo "1775"]
[PlyCount "65"]
[EventDate "2006.09.30"]
[EventType "swiss"]
[EventRounds "9"]
[EventCountry "GER"]
[SourceTitle "EXT 2007"]
[Source "ChessBase"]
[SourceDate "2006.11.23"]
[SourceVersion "1"]
[SourceVersionDate "2006.11.23"]
[SourceQuality "1"]

1. Nf3 Nf6 2. c4 g6 3. Nc3 Bg7 4. g3 0-0 5. d4 d6 6. Bg2 Nbd7 7. 0-0 e5 8. e4 a6 9. Re1 c6 10. a4 Qc7 11. h3 Re8 12. Be3 exd4 13. Nxd4 Ne5 14. b3 c5 15. Nde2 Bxh3 16. Bxh3 Nf3+ 17. Kf1 Nxe1 18. Qxe1 Nxe4 19. Nxe4 Rxe4 20. Rd1 Rae8 21. Nc3 Rd4 22. Nd5 Qd8 23. Rb1 Re5 24. Qc1 Rdxd5 25. cxd5 Rxd5 26. Qc4 Rh5 27. Bg2 d5 28. Rd1 d4 29. Bf4 Qc8 30. Re1 Qd7 31. Qe2 Bf8 32. Qe8 Qf5 33. Bd6 1-0